000 00535nam a2200169 4500
001 122895
003 ES-MaACL
005 20230906192049.0
007 t|
008 070214s1973 sp r ||||0| spa d
100 1 _aProhaska, Leopold.
_994022
245 1 3 _aEl proceso de maduración en el hombre
_b: fundamentos de una pedagogía /
_cLeopold Prohaska ; versión de Eloy Requena.
260 _aBarcelona :
_bHerder,
_c1973.
300 _a304 p ;
_c22 cm.
700 1 _aRequena, Eloy.
_996289
852 _aES-MaACL
_jC-54740
_bR.87239
999 _c122895
_d122895